World War II in Europe - Statistics

General Stats
  • This quiz has been taken 64 times
    39 since last reset
  • The average score is 29 of 35
Answer Stats
Question Answer % Correct
When did World War II begin? 1939
100%
What English code breaker created a machine that helped to decrypt Nazi messages in WWII? Alan Turing
100%
In which battle German commander Freidrich Paulus lost to Soviet forces? Battle of Stalingrad
100%
What is the name of the German winter offensive of 1944–45 during WWII? Battle of the Bulge
100%
Who established the first European fascist state? Benito Mussolini
100%
Where did Stalin's "Winter War" take place? Finland
100%
In which country is the city of Dunkirk where evacuation of British army occurred in 1940? France
100%
What are the rules of war called that many leaders broke during World War II? Geneva Convention
100%
How did Adolf Hitler die? gun shot
100%
Who commanded the Gestapo police and was in charge of the concentration camps? Heinrich Himmler
100%
Who was Eva Braun? Hitler's wife
100%
Which nation was not the part of the Allies during World War II? Italy
100%
Who was the leader of the Soviet Union during WWII? Joseph Stalin
100%
The Nazi invasion of what country triggered World War II in Europe? Poland
100%
The RAF prevented a German invasion of Britain in WWII. What does “RAF” mean? Royal Air Force
100%
Oskar Schindler was a German industrialist and member of the Nazi Party. What is he famous for? saving a thousands of Jews
100%
Who won the Battle of Stalingrad? Soviet Union
100%
Which of the following countries remained neutral during the WWII? Spain
100%
What forces did not land on five beaches on the coast of Normandy during D-Day in 1944? Spanish
100%
What was Adolf Hitler’s regime called? The Third Reich
100%
Which nation was not the part of the Axis Powers during World War II? USA
100%
Which WWII operation was code named Operation Sea Lion? German invasion of Britain
75%
What event happened on November 9, 1938 when many Jewish homes and businesses were burnt down or vandalized by Nazis? Kristallnacht
75%
Where were the most famous war trials held after World War II for Nazi officials who survived the war? Nuremberg
75%
Where is the notorious WWII Nazi concentration camp Auschwitz located? Poland
75%
What was not one of code names for the landing beaches on D-Day in Normandy in WWII? Silver
75%
What was the alliance of the Soviet Union and the Eastern Bloc of communist nations called? Warsaw Pact
75%
Which battle involved the largest engagement of tanks in history? Battle of Kursk
50%
What was the first Nazi concentration camp in WWII? Dachau
50%
What country became the fourth member of the Tripartite Pact and later played a large role in the invasion of Russia in WWII? Hungary
50%
Which was the first Axis Power to surrender in WWII? Italy
50%
Which British Prime Minister announced the declaration of war on Germany in 1939 following the invasion? Neville Chamberlain
50%
What pact was signed between Germany, Italy, and Japan in 1940? Tripartite Pact
50%
Which WWII Nazi concentration camp did Anne Frank die in shen she was 15? Bergen-Belsen
25%
Which WWII operation was code named Operation Dynamo? Dunkirk evacuation
25%
No matching quizzes found
Score Distribution
Percent of People with Each Score
Percentile by Number Answered
Your Score History
You have not taken this quiz since the last reset